| 000 | 00553ntaaa2200205 4500 | ||
|---|---|---|---|
| 003 | 01 | ||
| 005 | 20251027202626.0 | ||
| 008 | 0714s1973 ag 01 | ||
| 040 |
_aAR-BaBN _bspa _cAR-BaBN _eaacr _dRIC |
||
| 082 | _a371.0000 W87 | ||
| 100 |
_aWoodworth, Floyd C _925541 |
||
| 245 | _aHacia la meta | ||
| 250 | _a1 ed. | ||
| 260 |
_aSpringfield, Missouri : _bEditorial Vida, _cc1964 |
||
| 300 | _a158 p | ||
| 500 | _aOrientación en los estudios.De las Asambleas de Dios. | ||
| 650 | _aestudio-aprendizaje | ||
| 650 |
_aestudiantes _92016 |
||
| 942 | _cBK | ||
| 999 |
_c21395 _d21395 |
||